A comunidade LGBTQ+ no Brasil - Statistics

Estatísticas Gerais
  • Esse quiz foi jogado 29 vezes
  • A pontuação média é 14 de 21
Estatísticas das Respostas
Hint Resposta % Correto
Grupo homossexual criado em 1980 Grupo Gay da Bahia
100%
Em que percentagem aumentou a violência após a eleição de Bolsonaro? 25%
94%
Qual país lidera o ranking mundial de homicídios contra pessoas LGBTQ+? Brasil
94%
Qual é o nome da deputada federal transgênero negra? Erika Hilton
94%
Qual movimento religioso teve forte influência no discurso anti-LGBT? igrejas evangélicas
88%
Cidade da primeira marcha LGBT Rio de Janeiro
88%
Década da AIDS 1980s
82%
Quantas pessoas participaram da Parada de São Paulo em 2022? 4 milhões
82%
qual instituição legalizou o casamento homoafetivo ? Conselho Nacional de Justiça
82%
Da lista de quê o Conselho Federal de Medicina retirou a homossexualidade em 1985? doenças mentais
76%
Qual conceito explica a combinação de discriminações ? interseccionalidade
76%
Ano da primeira parada de Orgulho 1997
65%
Qual instituição criminalizou a homofobia? Supremo Tribunal Federal
65%
Ano da legalização do casamento igualitário 2013
53%
Ano da criminalização da homofobia e da transfobia 2019
47%
As raízes profundas da homofobia a colonização
47%
O que os ativistas denunciam durante o Stonewall brasileiro? repressão policial
41%
Ano da afirmação do direito à autodeterminação 2018
35%
Primeira publicação periódica LGBT Lampião da Esquina
35%
Ano do "Stonewall brasileiro" 1980
24%
Número de pessoas LGBT assassinadas em 2024 291
18%
Nenhum quiz correspondente encontrado
Distribuição das Pontuações
Porcentagem de Pessoas com Cada Pontuação
Percentil de Números Respondidos
Sua Pontuação Histórica
Você não jogou esse quiz